Prétentions territoriales en Antarctique - Statistiques

Statistiques générales
  • Ce quiz a été pris 37 fois
  • Le résultat moyen est 6 sur 7
Statistiques - réponses
Pays % Correct
France
100%
Argentine
91%
Royaume-Uni
91%
Australie
86%
Chili
74%
Norvège
74%
Nouvelle-Zélande
71%
Aucun quiz correspondant
Distribution des résultats
% des personnes avec chaque résultat
Percentile par nombre de réponses
Votre historique - résultats
Vous n’avez pas pris ce quiz